El sol de Otto (Record no. 628)

MARC details
000 -CABECERA
campo de control de longitud fija 01164nam a22002894n 4500
003 - IDENTIFICADOR DE NUMERO DE CONTROL
campo de control AR-BaSMT
008 - CAMPOS DE LONGITUD FIJA
campo de control de longitud fija 230502b2021 aga|||ar|||| 00| 1 spa d
020 ## - ISBN: Indicadores indefinidos
Número ISBN 9789873681103
040 ## - FUENTE DE CATALOGACION
Agencia de catalogación original BSGB
Idioma de catalogación español
Convenciones de la descripción rda
041 0# - CODIGO DE IDIOMA
Código idioma spa
Idioma original español
080 ## - CDU
CDU completo 82-34
100 1# - PUNTO DE ACCESO PRINCIPAL
Nombre de persona Canela
Enlace autoridades 459
245 13 - MENCION DE TITULO
Título El sol de Otto
250 ## - MENCION DE EDICION
Mención de edición primera edición, segunda reimpresión
264 #1 - PRODUCCIÓN, PUBLICACIÓN, DISTRIBUCIÓN, ETC.
Lugar de publicación, etc. Buenos Aires
Nombre editor. La brujita de papel
Fecha 2021
300 ## - DESCRIPCION FISICA
Extensión 32 páginas
Otros detalles físicos Ilustraciones color
336 ## - TIPO DE CONTENIDO
rdacontent rdacontent
texto texto
txt txt
337 ## - TIPO DE MEDIO
rdamedia rdamedia
sin mediación sin mediación
n n
338 ## - TIPO DE SOPORTE
rdacarrier rda carrier
volumen volúmen
nc nc
520 1# - NOTA DE SUMARIO, RESUMEN, ETC.
Toda la nota Aquí, en el fondo del mar, donde vive Otto, el mundo es azul, muy oscuro.<br/>La anguila eléctrica que alumbra de vez en cuando, le contó que arriba, donde bailan las olas hay mucha luz y que el sol es el dueño de la luz.<br/>Desde entonces el pulpo tiene una pregunta que le hace cosquillas en la cabeza:<br/>¿Cómo será el sol?
URL, URI, etc. Contratapa
521 ## - NOTA DE PÚBLICO DESTINATARIO
Nota de audiencia Jardín
650 #7 - PUNTO DE ACCESO ADICIONAL DE MATERIA – TÉRMINO TEMÁTICO
Enlace autoridades 8
Término de materia o nombre geográfico como elemento de entrada LITERATURA INFANTIL
Subdivisión geográfica Argentina
650 #7 - PUNTO DE ACCESO ADICIONAL DE MATERIA – TÉRMINO TEMÁTICO
Enlace autoridades 23
Término de materia o nombre geográfico como elemento de entrada CUENTO
Subdivisión geográfica Argentina
700 1# - PUNTO DE ACCESO ADICIONAL – NOMBRE DE PERSONA
Apellido, Nombre Fernandez, Luciana
Término relacionador: Ilustradora
Enlace autoridades 467
942 ## - ELEMENTOS AGREGADOS (KOHA)
CDU Clasificación decimal universal
Tipo de ítem Libros
Holdings
Disponible Perdido Fuente de clasificación Estado Ubicación permanente Locación actual Estante o sala Fuente de adquisición Número de inventario Total préstamos Signatura topográfica Código de barras Numero de ejemplar Tipo de item de Koha Calificador de localización códificado
    Clasificación Decimal Dewey   Biblioteca Susana G. De Batemarco Biblioteca Susana G. De Batemarco Jardín Compra Feria del Libro 2026 000871   82-34 CAN 000871 1 Libros  

Powered by Koha